Tamales 101 : (Record no. 617762)

MARC details
000 -LEADER
fixed length control field 00461nam a2200193 a 4500
008 - FIXED-LENGTH DATA ELEMENTS--GENERAL INFORMATION
fixed length control field 260316s2002##################000#0#eng##
020 ## - INTERNATIONAL STANDARD BOOK NUMBER
ISBN 9781580084284
082 04 - DEWEY DECIMAL CLASSIFICATION NUMBER
Classification number 641.8
Item number TAP
100 1# - MAIN ENTRY--AUTHOR NAME
Personal name Tapp, Alice Guadalupe,
245 10 - TITLE STATEMENT
Title Tamales 101 :
260 ## - PUBLICATION, DISTRIBUTION, ETC. (IMPRINT)
Name of publisher Ten Speed Press,
Year of publication 2002.
300 ## - PHYSICAL DESCRIPTION
Number of Pages 210 pages
650 #0 - SUBJECT ADDED ENTRY--TOPICAL TERM
Topical Term Cooking.
942 ## - ADDED ENTRY ELEMENTS (KOHA)
Koha item type English Books
Holdings
Withdrawn status Lost status Damaged status Not for loan Home library Current library Shelving location Date acquired Full call number Accession Number Price effective from Koha item type
        Anna Centenary Library Anna Centenary Library 6TH FLOOR, A WING 16.03.2026 641.8 TAP 419235 16.03.2026 English Books

Find us on the map